| 000 | 004170000a22001690004500 | ||
|---|---|---|---|
| 003 | LK-CoMWRAF | ||
| 008 | 230817t ||||| |||| 00| 0 eng d | ||
| 020 | _a9558095 | ||
| 040 |
_aLK-CoMWRAF _dLK-CoMWRAF _eLK-CoMWRAF |
||
| 041 | _aeng | ||
| 082 |
_a301 _bJAY |
||
| 245 |
_aWomen In Post-Independence Sri Lanka _b |
||
| 260 |
_aIndia _bSage _c2002 |
||
| 300 | _ap.371 | ||
| 700 |
_aJayaweera,, Swarna _eed. |
||
| 942 | _cBK | ||
| 999 |
_c428 _d428 |
||